| 000 | 00443nam a2200169 a 4500 | ||
|---|---|---|---|
| 001 | 0000-9003 | ||
| 003 | ELIB.Books | ||
| 008 | 110520 1998 | ||
| 035 | _a(ELIB.Books)0000-9152 | ||
| 082 |
_a264 _bHus |
||
| 100 | _aHustad, Donald P. | ||
| 245 | _aTrue Worship: reclaming the wonder and majesty | ||
| 260 |
_bColorado: Water Books Press _c1998 |
||
| 650 | _aWorship | ||
| 942 |
_2ddc _cBK |
||
| 998 |
_cbat _e2011-05-20 |
||
| 999 |
_c9003 _d9003 |
||